Normal view
MARC view
Entry Personal Name
001 - CONTROL NUMBER
- control field: 529492
003 - CONTROL NUMBER IDENTIFIER
- control field: OSt
005 - DATE AND TIME OF LATEST TRANSACTION
- control field: 20220930072155.0
008 - FIXED-LENGTH DATA ELEMENTS
- fixed length control field: 220930|| aca||aabn | a|a d
040 ## - CATALOGING SOURCE
- Original cataloging agency: OSt
- Transcribing agency: OSt
100 ## - HEADING--PERSONAL NAME
- Personal name: Nagpal Alka
670 ## - SOURCE DATA FOUND
- Source citation: Work cat.: (OSt)863501: Nagpal Alka, Senia gharane ke Ustad Mushtak Ali Khan ka sangeet ko yogdan ak adhyayan, 1994
